000 00348nam a2200145Ia 4500
008 150201s2000 xx 000 0 und d
082 _a617.632
_bP2000R
100 _aRANFYOOD,SIGURD P
245 _aPERIODONTOLOGY & PERIODONTICS
250 _a1ST
260 _bAITBS
_aDELHI
_c2000
300 _a1-370
650 _aPERIODONTICS
942 _2ddc
_cBK
999 _c2956
_d2956